Tulisan cerminan personaliti diri

Bibliographic Details
Main Author: Khadijah Ibrahim
Format: Book
Published: Kuala Lumpur : Al-Ameen Serve Holdings , 2007
Subjects:

MARC

LEADER 00000cam a2200000 7i4500
001 0000024833
005 20090120.0
008 090120
020 |a 9833991341 
090 0 0 |a 155.282   |b KHA 
100 1 |a Khadijah Ibrahim 
245 1 0 |a Tulisan cerminan personaliti diri   |c Khadijah Ibrahim 
260 |a Kuala Lumpur :   |b Al-Ameen Serve Holdings ,   |c 2007 
650 0 |a Graphology 
650 0 |a Writing   |x identification 
999 |a 0001039470   |b Book   |c Adult Collection   |e Perbadanan Perpustakaan Awam Johor